| 000 | 01175njm a22003017a 4500 | ||
|---|---|---|---|
| 005 | 20100913100347.0 | ||
| 007 | sd ammalaaahaa | ||
| 008 | 100913t xxu||||| |||| 00| 0 hin d | ||
| 028 |
_aTAE. 1331 _bODEON |
||
| 035 | _aGR-03206 | ||
| 040 | _aSED/VEN | ||
| 100 |
_919606 _aMangeshkar, Lata |
||
| 245 |
_aAan / _cby Lata Mangeshkar ; music by Naushad ; lyric by Shakeel Badayuni _h[sound recording] : |
||
| 246 | _aआन (लता मंगेशकर) | ||
| 260 |
_aDum Dum, India _bODEON _c1966 |
||
| 300 |
_a1 sound disc [Gramophone record] : _banalog, 45 rpm _c7 in. _fGramophone record |
||
| 500 | _aBrief record. | ||
| 500 | _aODEON | ||
| 500 | _aBlack | ||
| 500 | _aExtended Play | ||
| 505 | _aPart 1 Aaj mere man men sakhi (Aan) (Lata Mangeshkar) आज मेरे मन में सखी , Part 2 Takra gaya tumse (Mohd. Rafi) टकरा गया तुमसे | ||
| 650 |
_aClassical music _xExcerpts _zIndia _919607 _vFilmi song |
||
| 700 |
_920331 _aMohd. Rafi |
||
| 700 |
_aNaushad _920563 |
||
| 700 |
_aShakeel Badayuni _920581 |
||
| 942 |
_2ddc _cGR |
||
| 999 |
_c46575 _d46575 |
||